Historia de la vida publica y privada de Luis Felipe de Orleans, ex-rey de los franceses / (Record no. 159571)

MARC details
000 -LEADER
campo de control de longitud fija 00825nam a2200217 i 4500
001 - NÚMERO DE CONTROL
campo de control 159571
003 - IDENTIFICADOR DE NÚMERO DE CONTROL
campo de control ES-MaACL
005 - FECHA Y HORA DE LA ÚLTIMA TRANSACCIÓN
campo de control 20251009063058.0
008 - DATOS DE LONGITUD FIJA--INFORMACIÓN GENERAL
campo de control de longitud fija 990415s1850 sp |||| | spa d
040 ## - FUENTE DE CATALOGACIÓN
Centro catalogador/agencia de origen CCPB | B
Lengua de catalogación spa
Centro/agencia transcriptor CCPB | B
100 1# - ENTRADA PRINCIPAL--NOMBRE DE PERSONA
Nombre de persona Michaud, Louis Gabriel,
Fechas asociadas al nombre 1773-1858
9 (RLIN) 129894
245 10 - MENCIÓN DEL TÍTULO
Título Historia de la vida publica y privada de Luis Felipe de Orleans, ex-rey de los franceses /
Mención de responsabilidad, etc. por Mr. Michaud ; traducida del francés.
260 ## - PUBLICACIÓN, DISTRIBUCIÓN, ETC.
Lugar de publicación, distribución, etc. Madrid :
Nombre del editor, distribuidor, etc. Imprenta y librería a cargo de D. V. del Valle,
Fecha de publicación, distribución, etc. 1850.
300 ## - DESCRIPCIÓN FÍSICA
Extensión 436 p. ;
Dimensiones 22 cm.
510 0# - NOTA DE CITAS O REFERENCIAS BIBLIOGRÁFICAS
Nombre de la fuente Palau,
Localización dentro de la fuente t. IX, 168122
600 04 - PUNTO DE ACCESO ADICIONAL DE MATERIA--NOMBRE DE PERSONA
Nombre de persona Luis Felipe
Numeración I
Títulos y otros términos asociados al nombre Rey de Francia.
9 (RLIN) 74690
651 #4 - PUNTO DE ACCESO ADICIONAL DE MATERIA--NOMBRE GEOGRÁFICO
Nombre geográfico Francia-
Subdivisión general Historia-
Subdivisión cronológica 1830-1848, Luis Felipe
9 (RLIN) 8696
852 ## - LOCALIZACIÓN
Ubicación ES-MaACL
Número de control de estantería G-8951
Nota libre -- Enc. hol.
Holdings
Estatus retirado Estado de pérdida Estado de daño No para préstamo Colección Biblioteca de origen Biblioteca actual Ubicación en estantería Fecha de adquisición Fuente de adquisición Total de préstamos Signatura topográfica completa Código de barras Visto por última vez Precio de reemplazo Tipo de ítem Koha
        Libros del s. XIX Biblioteca del Ateneo de Madrid Biblioteca del Ateneo de Madrid Sala Pecera Planta 3 17/01/2008     G-8951 1167051 23/02/2023 23/02/2023 Libro impreso antiguo